[Event "Tatry op"]
[Site "Tatranske Zruby"]
[Date "2002.10.05"]
[Round "9"]
[White "Vojtech, Jaroslav"]
[Black "Mrvova, Alena"]
[Result "1/2-1/2"]
[WhiteElo "2126"]
[BlackElo "2236"]
[PlyCount "63"]
[EventDate "2002.09.28"]
[EventType "swiss"]
[EventRounds "9"]
[EventCountry "SVK"]
[SourceTitle "EXT 2005"]
[Source "ChessBase"]
[SourceDate "2004.11.15"]
[SourceVersion "1"]
[SourceVersionDate "2004.11.15"]
[SourceQuality "1"]

1. e4 c5 2. Nc3 Nc6 3. Bc4 g6 4. d3 Bg7 5. Nge2 e6 6. 0-0 Nge7 7. a4 d5 8. Ba2 0-0 9. Bg5 d4 10. Nb1 a6 11. Bc4 Na5 12. Nd2 Rb8 13. f4 f6 14. Bh4 Nxc4 15. Nxc4 b5 16. axb5 axb5 17. Nd2 Qb6 18. b3 Nc6 19. Bg3 Bd7 20. Qb1 Nb4 21. Qb2 Ra8 22. h3 Bc6 23. Rfb1 Bb7 24. Nf3 Qc6 25. Be1 Na6 26. Bd2 Rad8 27. Qc1 e5 28. fxe5 fxe5 29. Bh6 Rde8 30. Bxg7 Kxg7 31. Qg5 Qf6 32. Ra5 1/2-1/2